000
00285nam a2200121Ia 4500
008
190216s9999||||xx |||||||||||||| ||und||
100
_a
Dost Mohamed
245
0
_a
International Liquidity
260
_b
Sterling Publications
_c
1987
300
_a
183p
650
_a
Economics
942
_c
BK
999
_c
9774
_d
9774